000
00311nam a2200133Ia 4500
008
190216s9999||||xx |||||||||||||| ||und||
100
_a
Seth M L
245
0
_a
Theory And Practice Of Economic Planning
250
_a
Ist ed
260
_b
S Chand & Co
_c
1977
300
_a
732
650
_a
Economics
942
_c
BK
999
_c
9435
_d
9435